000 00295nam a2200121 i 4500
001 bg
245 0 _aIV Uczelniana Sesja Naukowo-Techniczna Wydziału Mechanicznego.
260 _aRzeszów,
_c1981.
040 _cBPK
041 _apol
942 _cKS
008 s pl f |000 0 pol
999 _c20542
_d20542
856 _uhttp://koha.tu.koszalin.pl/cgi-bin/koha/opac-detail.pl?biblionumber=20542
_yKatalog online BPK